LEADER 01377nam 2200397 450 001 9910480108903321 010 $a0-7844-8140-7 035 $a(CKB)4100000004464647 035 $a(MiAaPQ)EBC5434729 035 $a(EXLCZ)994100000004464647 100 $a20180706d2018 uy 0 101 0 $aeng 135 $aurcnu|||||||| 181 $ctxt$2rdacontent 182 $cc$2rdamedia 183 $acr$2rdacarrier 200 00$aWorld environmental and water resources congress 2018 $ewatershed management, irrigation and drainage, and water resources planning and management /$fedited by Sri Kamojjala 210 1$aReston, Virginia :$cAmerican Society of Civil Engineers,$d[2018] 210 4$d2018 215 $a1 online resource (552 pages) 606 $aEnvironmental engineering$vCongresses 606 $aWater quality management$xEnvironmental aspects$vCongresses 606 $aSustainable engineering$vCongresses 608 $aElectronic books. 615 0$aEnvironmental engineering 615 0$aWater quality management$xEnvironmental aspects 615 0$aSustainable engineering 676 $a333.72094 702 $aKamojjala$b Sri 801 0$bMiAaPQ 801 1$bMiAaPQ 801 2$bMiAaPQ 906 $aBOOK 912 $a9910480108903321 996 $aWorld environmental and water resources congress 2018$91997762 997 $aUNINA LEADER 01687nam 2200445Ia 450 001 996395069003316 005 20210104171734.0 035 $a(CKB)3810000000015983 035 $a(EEBO)2240919457 035 $a(OCoLC)ocn328107392e 035 $a(OCoLC)328107392 035 $a(EXLCZ)993810000000015983 100 $a20090520d1600 uy h 101 0 $aeng 135 $aurbn||||a|bb| 200 14$aThe letting of humours blood in the head-uaine$b[electronic resource] $eVVith a new morissco, daunced by seauen satyres, vpon the bottome of Diogines [sic] tubbe. 210 $aAt London $cPrinted by W. White for W.F.$d1600. 215 $a[87] p 300 $aIn verse. 300 $aPrinter's device (McK. 188[beta]) on t.p.; text pages have head- and tail-pieces of type-ornaments. 300 $aRe-issued in 1607 with title: Humours ordinarie. 300 $a"To the gentlemen readers" signed: S.R. 300 $aSignatures: [pi]¹ A-E⁸ F⁴ (last leaf blank). 300 $aImperfect: stained, and with print bleeding and show-through. 300 $aReproduction of original in: Bodleian Library. 327 $aEpigrams--Satyres. 330 $aeebo-0014 606 $aEpigrams, English$vEarly works to 1800 606 $aSatire, English$vEarly works to 1800 606 $aEnglish wit and humor$vEarly works to 1800 615 0$aEpigrams, English 615 0$aSatire, English 615 0$aEnglish wit and humor 700 $aRowlands$b Samuel$f1570?-1630?$01003803 801 0$bUMI 801 1$bUMI 906 $aBOOK 912 $a996395069003316 996 $aThe letting of humours blood in the head-uaine$92387590 997 $aUNISA